[Event "2016 British Chess Championships"]
[Site "Bournemouth Pavilions, Bournem"]
[Date "2016.07.26"]
[Round "2.1"]
[White "Adams, Michael"]
[Black "Kalaiyalahan, Akshaya"]
[Result "1-0"]
[WhiteElo "2727"]
[BlackElo "2288"]
[PlyCount "107"]
[EventDate "2016.07.25"]

1. e4 c5 2. Nf3 e6 3. d4 cxd4 4. Nxd4 Nc6 5. Nc3 Qc7 6. f4 a6 7. Nxc6 bxc6 8.
Bd3 d5 9. O-O Nf6 10. Qe2 Be7 11. Bd2 O-O 12. Rae1 Re8 13. Kh1 g6 14. b3 Bf8
15. Rf3 Bg7 16. e5 Nd7 17. h4 Nc5 18. h5 Nxd3 19. cxd3 c5 20. Rh3 Bb7 21. Na4
Rac8 22. Rc1 Qe7 23. Be3 d4 24. Bf2 Rc7 25. Bh4 Qf8 26. Qg4 f5 27. Qg5 gxh5 28.
Rg3 Kh8 29. Qxh5 Qf7 30. Qxf7 Rxf7 31. Rxc5 Rc8 32. Rxc8+ Bxc8 33. Nb6 Bb7 34.
Nc4 Bc6 35. Nd6 Rc7 36. Kh2 Kg8 37. Bd8 Rd7 38. Bb6 Kh8 39. Rh3 Kg8 40. Rg3 Kh8
41. Bd8 Rxd8 42. Nf7+ Kg8 43. Nxd8 Bd5 44. b4 Kf8 45. Rh3 Ke8 46. Rxh7 Bf8 47.
Rh8 Bxa2 48. Nb7 Kf7 49. Nc5 a5 50. Rxf8+ Kxf8 51. bxa5 Bd5 52. a6 Ke7 53. a7
Ba8 54. Kh3 1-0

[Event "2016 British Chess Championships"]
[Site "Bournemouth Pavilions, Bournem"]
[Date "2016.07.26"]
[Round "2.2"]
[White "Brown, Martin"]
[Black "Howell, David Wl"]
[Result "0-1"]
[WhiteElo "2252"]
[BlackElo "2663"]
[PlyCount "102"]
[EventDate "2016.07.25"]

1. e4 e6 2. d4 d5 3. Nd2 h6 4. Ngf3 Nf6 5. Bd3 c5 6. c3 cxd4 7. cxd4 dxe4 8.
Nxe4 Nbd7 9. Nc3 Bb4 10. Bd2 b6 11. Qe2 Bb7 12. Kf1 Bxc3 13. bxc3 Qc7 14. Ne5
Nxe5 15. Qxe5 Qxe5 16. dxe5 Nd7 17. Bb5 Rc8 18. Bxd7+ Kxd7 19. f4 Rhd8 20. Kf2
Ke8 21. Rhd1 Rc4 22. g3 Ra4 23. Ke2 Ba6+ 24. Kf2 Rd3 25. Be1 Rxd1 26. Rxd1
Rxa2+ 27. Rd2 Ra1 28. Rd6 Bb5 29. g4 Rb1 30. f5 Bd7 31. f6 g5 32. Rd3 Rb5 33.
Rh3 Rxe5 34. Rxh6 Bb5 35. c4 Bxc4 36. Bb4 Re4 37. Rh8+ Kd7 38. Ra8 a5 39. Ra7+
Kc6 40. Bc3 e5 41. Re7 Kd6 42. Rb7 Re2+ 43. Kg1 Kc6 44. Re7 e4 45. Re5 a4 46.
Rxg5 a3 47. h4 a2 48. h5 Rc2 49. Bd4 Rd2 50. Bc3 Rd3 51. Bb2 Rd1+ 0-1

[Event "2016 British Chess Championships"]
[Site "Bournemouth Pavilions, Bournem"]
[Date "2016.07.26"]
[Round "2.3"]
[White "Jones, Gawain Cb"]
[Black "Asenov, Pavel"]
[Result "1-0"]
[WhiteElo "2650"]
[BlackElo "2250"]
[PlyCount "79"]
[EventDate "2016.07.25"]

1. c4 e5 2. Nc3 Nf6 3. g3 Nc6 4. Bg2 Bb4 5. e4 d6 6. Nge2 a5 7. O-O O-O 8. Na4
Bc5 9. Nxc5 dxc5 10. d3 h6 11. Nc3 Ra6 12. h3 Nd4 13. f4 Nd7 14. f5 Rd6 15. Be3
c6 16. Rf2 b5 17. cxb5 cxb5 18. Bxd4 cxd4 19. Nxb5 Rb6 20. Na3 Ba6 21. Rc1 Qg5
22. Kh2 Rfb8 23. Rcc2 h5 24. Bf1 h4 25. Qg4 hxg3+ 26. Qxg3 Qh6 27. b3 Nf6 28.
Nc4 Bxc4 29. Rxc4 Rb4 30. Rc5 a4 31. Rxe5 axb3 32. axb3 Rxb3 33. Be2 Rb2 34.
Rc5 Ra8 35. e5 Nd7 36. Rd5 Raa2 37. Qg4 Nxe5 38. Rxe5 Qd6 39. Qg3 f6 40. Re8+
1-0

[Event "2016 British Chess Championships"]
[Site "Bournemouth Pavilions, Bournem"]
[Date "2016.07.26"]
[Round "2.4"]
[White "Lyell, Mark"]
[Black "Pert, Nicholas"]
[Result "0-1"]
[WhiteElo "2238"]
[BlackElo "2570"]
[PlyCount "84"]
[EventDate "2016.07.25"]

1. e4 c5 2. Nf3 d6 3. Bb5+ Nd7 4. O-O a6 5. Bd3 Ngf6 6. Re1 g6 7. c3 Bg7 8. Bc2
O-O 9. d4 e5 10. a4 b6 11. Nbd2 cxd4 12. cxd4 exd4 13. Nxd4 Bb7 14. N2f3 Re8
15. Bg5 Qb8 16. Qb1 Nc5 17. Bxf6 Bxf6 18. Ra3 d5 19. exd5 Bxd5 20. b4 Nd7 21.
Rxe8+ Qxe8 22. Re3 Qf8 23. Be4 Bxe4 24. Qxe4 Rc8 25. Nc6 Qd6 26. Nfd4 Kf8 27.
g3 Bxd4 28. Nxd4 Nf6 29. Qh4 Kg7 30. Rf3 Re8 31. Re3 Rxe3 32. fxe3 Qe7 33. Qg5
Qe4 34. Qf4 Qb1+ 35. Kg2 h5 36. b5 axb5 37. axb5 Ng4 38. Kh3 Qb2 39. Nf3 Qxb5
40. Qd4+ Nf6 41. Nd2 Qe2 42. e4 g5 0-1

[Event "2016 British Chess Championships"]
[Site "Bournemouth Pavilions, Bournem"]
[Date "2016.07.26"]
[Round "2.5"]
[White "Hebden, Mark L"]
[Black "Nelson, Jonathan P"]
[Result "1/2-1/2"]
[WhiteElo "2509"]
[BlackElo "2207"]
[PlyCount "87"]
[EventDate "2016.07.25"]

1. d4 Nf6 2. Bf4 e6 3. e3 d5 4. Nd2 c5 5. c3 Nc6 6. Ngf3 Bd6 7. Bxd6 Qxd6 8.
Bb5 O-O 9. O-O Bd7 10. Bxc6 Bxc6 11. Ne5 Nd7 12. f4 f6 13. Ng4 f5 14. Nf2 cxd4
15. cxd4 Bb5 16. Re1 Rac8 17. Nf3 Rc7 18. Qd2 Rfc8 19. Rac1 h6 20. g4 fxg4 21.
Nxg4 Rxc1 22. Rxc1 Rxc1+ 23. Qxc1 Be2 24. Qc8+ Nf8 25. Kf2 Bxf3 26. Kxf3 Qa6
27. Kf2 Qd3 28. Qc3 Qxc3 29. bxc3 Nd7 30. Ne5 Nxe5 31. dxe5 Kf7 32. Kf3 Kg6 33.
e4 dxe4+ 34. Kxe4 Kf7 35. h4 g6 36. Kd4 Ke7 37. Kc5 Kd7 38. Kb5 Kc7 39. a3 a6+
40. Kc5 b6+ 41. Kd4 Kd7 42. Ke4 Kc6 43. Kd4 Kd7 44. Ke4 1/2-1/2

[Event "2016 British Chess Championships"]
[Site "Bournemouth Pavilions, Bournem"]
[Date "2016.07.26"]
[Round "2.6"]
[White "Rudd, Jack"]
[Black "Fodor, Tamas Jr"]
[Result "1-0"]
[WhiteElo "2213"]
[BlackElo "2505"]
[PlyCount "97"]
[EventDate "2016.07.25"]

1. d4 d5 2. c4 e6 3. Nc3 c6 4. Nf3 dxc4 5. e3 b5 6. a4 Bb4 7. Bd2 a5 8. axb5
Bxc3 9. Bxc3 cxb5 10. b3 Bb7 11. bxc4 b4 12. Bb2 Nf6 13. Bd3 Nbd7 14. O-O O-O
15. Re1 Ne4 16. Qc2 f5 17. c5 Qc7 18. Bc4 Rf6 19. Qb3 Nf8 20. Red1 Rg6 21. Kf1
Kh8 22. Rac1 Bc6 23. d5 Nxc5 24. Qa2 exd5 25. Bxd5 Nfd7 26. Nd4 b3 27. Nxb3
Bxd5 28. Rxd5 Qxh2 29. Nxc5 Qxg2+ 30. Ke2 Qg4+ 31. Kd2 Nxc5 32. Rcxc5 f4 33.
Bd4 fxe3+ 34. Bxe3 Qb4+ 35. Kd3 a4 36. Rc4 Qe1 37. Qxa4 Qf1+ 38. Kd2 Rg8 39.
Rc1 Qg2 40. Qd4 Rf6 41. Rcc5 h6 42. Rd6 Rxd6 43. Qxd6 Re8 44. Qd4 Qg6 45. Rb5
Ra8 46. Qd5 Rc8 47. Rb6 Qe8 48. Bd4 Kh7 49. Rb7 1-0

[Event "2016 British Chess Championships"]
[Site "Bournemouth Pavilions, Bournem"]
[Date "2016.07.26"]
[Round "2.7"]
[White "Gormally, Daniel W"]
[Black "Willmoth, Robert F"]
[Result "1-0"]
[WhiteElo "2494"]
[BlackElo "2189"]
[PlyCount "49"]
[EventDate "2016.07.25"]

1. e4 d6 2. d4 Nf6 3. Nc3 c6 4. f4 Qa5 5. Bd2 e5 6. Nf3 exd4 7. Nxd4 Qb6 8. Nf3
Qxb2 9. Rb1 Qa3 10. Rb3 Qa5 11. e5 dxe5 12. fxe5 Nd5 13. Ne4 Qc7 14. c4 Nb6 15.
c5 Nd5 16. Bc4 Bf5 17. Nd6+ Bxd6 18. exd6 Qc8 19. Qe2+ Be6 20. Ng5 O-O 21. O-O
b6 22. Qe4 g6 23. Qh4 h5 24. Rg3 Qd8 25. Qxh5 1-0

[Event "2016 British Chess Championships"]
[Site "Bournemouth Pavilions, Bournem"]
[Date "2016.07.26"]
[Round "2.8"]
[White "Jones, Steven A"]
[Black "Emms, John M"]
[Result "1/2-1/2"]
[WhiteElo "2186"]
[BlackElo "2467"]
[PlyCount "88"]
[EventDate "2016.07.25"]

1. e4 c5 2. Nf3 Nc6 3. d4 cxd4 4. Nxd4 g6 5. Nc3 Bg7 6. Be3 Nf6 7. Bc4 O-O 8.
Bb3 Re8 9. f3 e6 10. Qd2 d5 11. exd5 Nxd5 12. Nxd5 Nxd4 13. Bxd4 exd5+ 14. Kf1
b6 15. Bxg7 Ba6+ 16. Kg1 Kxg7 17. Re1 Qh4 18. g3 Qf6 19. Kf2 Qxb2 20. Qxd5 Qf6
21. Rxe8 Rxe8 22. Re1 Rd8 23. Qe5 Rd2+ 24. Kg1 Bb7 25. Qxf6+ Kxf6 26. Re3 Bd5
27. Bxd5 Rxd5 28. Kf2 Ra5 29. a3 Rc5 30. Re2 Rc3 31. a4 Ra3 32. Re4 Rc3 33. Re2
Rc4 34. a5 bxa5 35. Ke3 a4 36. Kd3 Rc6 37. c4 a3 38. Ra2 Ra6 39. c5 Ra4 40. Kc3
Ke6 41. Kb3 Rd4 42. Kc3 Ra4 43. Kb3 Rd4 44. Kc3 Ra4 1/2-1/2

[Event "2016 British Chess Championships"]
[Site "Bournemouth Pavilions, Bournem"]
[Date "2016.07.26"]
[Round "2.9"]
[White "Oyama, Akito"]
[Black "Pert, Richard G"]
[Result "0-1"]
[WhiteElo "2183"]
[BlackElo "2441"]
[PlyCount "66"]
[EventDate "2016.07.25"]

1. e4 c5 2. f4 d5 3. Nc3 dxe4 4. Nxe4 e6 5. Nf3 Be7 6. g3 Nf6 7. Nf2 b6 8. Bg2
Bb7 9. O-O O-O 10. b3 Nc6 11. Bb2 Qc7 12. c4 a5 13. Qe2 a4 14. d4 cxd4 15. Nxd4
Nxd4 16. Bxd4 Bxg2 17. Kxg2 Nd7 18. Ne4 Nc5 19. Qg4 g6 20. Qf3 Nxe4 21. Qxe4
Rfd8 22. h4 Rac8 23. Kh2 Bf8 24. Rad1 axb3 25. axb3 Bg7 26. Bxg7 Kxg7 27. h5
Qc5 28. hxg6 Rxd1 29. Rxd1 Qh5+ 30. Kg2 Qxd1 31. gxf7 Rd8 32. Qe5+ Kxf7 33. b4
h5 0-1

[Event "2016 British Chess Championships"]
[Site "Bournemouth Pavilions, Bournem"]
[Date "2016.07.26"]
[Round "2.10"]
[White "Tan, Justin Hy"]
[Black "Wall, Tim P"]
[Result "1-0"]
[WhiteElo "2438"]
[BlackElo "2162"]
[PlyCount "139"]
[EventDate "2016.07.25"]

1. e4 d6 2. d4 Nf6 3. Nc3 Nbd7 4. Nf3 e5 5. Bc4 Be7 6. O-O c6 7. a4 Qc7 8. Re1
h6 9. Ba2 Nf8 10. Qd3 Ng6 11. Be3 O-O 12. b4 Ng4 13. Bd2 exd4 14. Qxd4 N6e5 15.
Nxe5 dxe5 16. Qc4 Qb6 17. Nd1 Bg5 18. Bc3 Qc7 19. Qe2 Nf6 20. Nb2 Re8 21. Nd3
b6 22. Bc4 Bg4 23. f3 Bd7 24. a5 b5 25. Bb3 Rad8 26. Qf2 Nh5 27. g3 Bc8 28. Qe2
Bf6 29. Nc5 g6 30. Qf2 Bg7 31. Rad1 Nf6 32. Bd2 Nd7 33. Be3 Nxc5 34. Bxc5 Bf8
35. Bxf8 Rxf8 36. Qe3 Kh7 37. Kg2 Qe7 38. Qc5 Qxc5 39. bxc5 Kg7 40. f4 Kf6 41.
Kf3 Be6 42. Ke3 Bxb3 43. cxb3 Ke6 44. Rf1 exf4+ 45. gxf4 f6 46. h4 g5 47. fxg5
hxg5 48. hxg5 fxg5 49. Rxd8 Rxd8 50. Rf5 Rg8 51. Kf3 g4+ 52. Kg3 b4 53. a6 Rg7
54. Rh5 Kf6 55. Rf5+ Ke6 56. Kf2 Rg6 57. Rh5 g3+ 58. Kg2 Kf6 59. Rh7 Ke5 60.
Rxa7 Kxe4 61. Rb7 Rg8 62. Rxb4+ Kd5 63. a7 Ra8 64. Rb7 Kxc5 65. Kxg3 Kd6 66. b4
Kd5 67. Kf3 Kc4 68. Ke4 Re8+ 69. Kf5 Ra8 70. Ke5 1-0

[Event "2016 British Chess Championships"]
[Site "Bournemouth Pavilions, Bournem"]
[Date "2016.07.26"]
[Round "2.11"]
[White "Taylor, Adam A"]
[Black "Ward, Chris G"]
[Result "1/2-1/2"]
[WhiteElo "2168"]
[BlackElo "2437"]
[PlyCount "56"]
[EventDate "2016.07.25"]

1. Nf3 d5 2. c4 d4 3. e3 Nc6 4. exd4 Nxd4 5. Nxd4 Qxd4 6. Nc3 c6 7. d3 Nh6 8.
Be3 Qd8 9. d4 Nf5 10. Be2 g6 11. Qd3 Bg7 12. Rd1 O-O 13. O-O Qc7 14. Qe4 e5 15.
d5 Nd4 16. dxc6 bxc6 17. Bxd4 Bf5 18. Bxe5 Bxe5 19. Qh4 Rab8 20. Rd2 Bf4 21.
Rd4 Be5 22. Rd2 Bf4 23. Rd4 g5 24. Qh6 Rxb2 25. Ne4 Be5 26. Nf6+ Bxf6 27. Qxf6
Rxe2 28. Qxf5 Qe5 1/2-1/2

[Event "2016 British Chess Championships"]
[Site "Bournemouth Pavilions, Bournem"]
[Date "2016.07.26"]
[Round "2.12"]
[White "Hackner, Oskar A"]
[Black "Wells, Peter K"]
[Result "0-1"]
[WhiteElo "2156"]
[BlackElo "2419"]
[PlyCount "114"]
[EventDate "2016.07.25"]

1. d4 Nf6 2. c4 e6 3. Nc3 Bb4 4. f3 c5 5. d5 O-O 6. e4 d6 7. Bd3 b5 8. Nge2
exd5 9. cxd5 c4 10. Bc2 Qb6 11. Nd4 Bc5 12. Be3 Nbd7 13. O-O Ne5 14. Nce2 b4
15. Kh1 a5 16. Bg1 Ba6 17. f4 Nd3 18. b3 Rfe8 19. bxc4 Nb2 20. Qc1 Nxc4 21. Bd3
Na3 22. Bxa6 Qxa6 23. e5 Nxd5 24. Rf3 Bxd4 25. Nxd4 dxe5 26. fxe5 Rxe5 27. Nf5
Rc8 28. Qg5 Qg6 29. Nh6+ Qxh6 30. Qxe5 Qe6 31. Qg3 Re8 32. Rd1 h5 33. Bd4 Qg6
34. Qxg6 fxg6 35. Kg1 Nc2 36. Bb2 Nb6 37. Rc1 Ne1 38. Rg3 Na4 39. Ba1 Nc2 40.
Rxg6 Nxa1 41. Rxa1 Nc3 42. Rb6 Re3 43. Rb7 h4 44. h3 Rd3 45. Kh2 Ne4 46. Re1
Ng3 47. Ra7 Rd5 48. Ree7 Rd1 49. Rxg7+ Kf8 50. Rxg3 hxg3+ 51. Kxg3 Rd3+ 52. Kf4
Ra3 53. h4 Rxa2 54. g4 b3 55. h5 b2 56. Rb7 Ra4+ 57. Kg5 Rb4 0-1

[Event "2016 British Chess Championships"]
[Site "Bournemouth Pavilions, Bournem"]
[Date "2016.07.26"]
[Round "2.13"]
[White "Houska, Jovanka"]
[Black "Graham, David B"]
[Result "1-0"]
[WhiteElo "2386"]
[BlackElo "2152"]
[PlyCount "75"]
[EventDate "2016.07.25"]

1. d4 Nf6 2. Nf3 g6 3. c4 Bg7 4. g3 d6 5. Bg2 O-O 6. O-O Nc6 7. Nc3 Bg4 8. Be3
Qd7 9. Qa4 a6 10. d5 Bxf3 11. exf3 Ne5 12. Qb3 h5 13. h3 a5 14. a4 Nd3 15. f4
h4 16. Ne2 Nc5 17. Qc2 Ne8 18. Rfe1 hxg3 19. fxg3 e5 20. dxe6 Nxe6 21. f5 gxf5
22. Qxf5 Nc5 23. Qc2 Be5 24. Nf4 Ne6 25. Rad1 c6 26. Qf5 N8g7 27. Qxe5 dxe5 28.
Rxd7 exf4 29. gxf4 Nf5 30. Bb6 Ra6 31. Rxb7 Nd6 32. Rd7 Nxc4 33. Bf2 Nxb2 34.
f5 Nf4 35. Bf1 Raa8 36. Re4 Nd5 37. Rg4+ Kh7 38. Rh4+ 1-0

[Event "2016 British Chess Championships"]
[Site "Bournemouth Pavilions, Bournem"]
[Date "2016.07.26"]
[Round "2.14"]
[White "Zhang, Anthony Y"]
[Black "Eggleston, David J"]
[Result "0-1"]
[WhiteElo "2149"]
[BlackElo "2376"]
[PlyCount "104"]
[EventDate "2016.07.25"]

1. d4 Nf6 2. c4 e6 3. Nf3 b6 4. a3 Bb7 5. Nc3 d5 6. cxd5 exd5 7. Bg5 Be7 8.
Qa4+ c6 9. e3 O-O 10. Bd3 Nbd7 11. Rd1 h6 12. Bf4 Nh5 13. Bg3 Nxg3 14. hxg3 Re8
15. O-O a6 16. Bb1 Qc7 17. Rfe1 Nf6 18. e4 dxe4 19. Nxe4 Nxe4 20. Bxe4 Bf6 21.
Rc1 Qd6 22. Qc2 Rac8 23. Bh7+ Kf8 24. Rxe8+ Rxe8 25. Be4 Bxd4 26. Rd1 Rxe4 27.
Qxe4 Bxf2+ 28. Kxf2 Qxd1 29. Qb4+ c5 30. Qxb6 Qd5 31. Qc7 Kg8 32. g4 f6 33.
Qb8+ Kh7 34. Qc7 Bc6 35. Qe7 a5 36. Qe1 a4 37. Qc3 Bd7 38. Qc2+ Kg8 39. Ke3
Qe6+ 40. Kf2 c4 41. Nd4 Qd5 42. Nf5 Qc5+ 43. Ne3 Qd4 44. Kf3 Bc6+ 45. Kf2 Qf4+
46. Ke2 Bd7 47. Qg6 Qe5 48. g3 Qxb2+ 49. Kf1 Qxa3 50. Nf5 Qd3+ 51. Kf2 Bxf5 52.
gxf5 Qe4 0-1

[Event "2016 British Chess Championships"]
[Site "Bournemouth Pavilions, Bournem"]
[Date "2016.07.26"]
[Round "2.15"]
[White "Batchelor, Peter J"]
[Black "Smith, Andrew P"]
[Result "1-0"]
[WhiteElo "2341"]
[BlackElo "2145"]
[PlyCount "53"]
[EventDate "2016.07.25"]

1. d4 Nf6 2. Nf3 c5 3. c4 cxd4 4. Nxd4 e5 5. Nb5 d5 6. cxd5 Bc5 7. a4 O-O 8.
N5c3 e4 9. e3 Bg4 10. Be2 Bxe2 11. Qxe2 Nbd7 12. O-O Qe7 13. Nd2 Rad8 14. a5
Bd6 15. Ra4 Nc5 16. Rc4 Be5 17. b4 Bxc3 18. bxc5 Nxd5 19. Nxe4 Bxa5 20. Ng3 Nf6
21. Qf3 Rd3 22. Bb2 Bd8 23. Bxf6 Qxf6 24. Qxb7 Qe6 25. Rd4 Rc3 26. Ne4 a5 27.
Nxc3 1-0

[Event "2016 British Chess Championships"]
[Site "Bournemouth Pavilions, Bournem"]
[Date "2016.07.26"]
[Round "2.16"]
[White "Waddington, Mike P"]
[Black "Harvey, Marcus R"]
[Result "1-0"]
[WhiteElo "2018"]
[BlackElo "2324"]
[PlyCount "197"]
[EventDate "2016.07.25"]

1. e4 e6 2. d4 d5 3. Nd2 c5 4. Ngf3 Nc6 5. Bb5 dxe4 6. Nxe4 Bd7 7. dxc5 Qa5+ 8.
Nc3 a6 9. Bd3 Bxc5 10. O-O Nf6 11. Ne4 Nxe4 12. Bxe4 O-O-O 13. c3 Qc7 14. b4
Bd6 15. a4 Ne5 16. Bb2 f5 17. Nxe5 Bxe5 18. Bd3 Bxh2+ 19. Kh1 Bc6 20. Qh5 Rxd3
21. Qxh2 Qxh2+ 22. Kxh2 Rhd8 23. Ra3 Bd5 24. Bc1 Bc4 25. Bg5 Rd1 26. Rxd1 Rxd1
27. Be3 e5 28. Bb6 f4 29. b5 e4 30. bxa6 bxa6 31. a5 Re1 32. Ra4 Bb5 33. Rd4 e3
34. fxe3 fxe3 35. c4 Bc6 36. Rd6 Bd7 37. Kg3 h5 38. c5 Rc1 39. c6 Bxc6 40. Rd8+
Kb7 41. Bxe3 Rc3 42. Kf2 Ra3 43. Bd2 h4 44. Rd4 Rg3 45. Rxh4 Rxg2+ 46. Ke3 Bb5
47. Bb4 Kc6 48. Rd4 Rg6 49. Kf4 Ba4 50. Be7 Bb5 51. Bd8 Rg2 52. Be7 Bf1 53.
Rd6+ Kb5 54. Bd8 Bc4 55. Rd4 Kb4 56. Kf3 Rg1 57. Kf4 Kc3 58. Rd6 Bd3 59. Rc6+
Kd2 60. Rd6 g6 61. Rd7 Rb1 62. Rd5 Rb7 63. Kg5 Rh7 64. Kg4 Rf7 65. Bb6 Rf8 66.
Bd8 Re8 67. Bf6 Re4+ 68. Kg3 Re6 69. Bd8 Ke3 70. Bb6+ Ke2 71. Bc7 Re3+ 72. Kf4
Rf3+ 73. Kg5 Rf7 74. Bd8 Rh7 75. Kf4 Rf7+ 76. Kg3 Rf3+ 77. Kg4 Bf5+ 78. Kg5
Rg3+ 79. Kf6 Be4 80. Rg5 Rd3 81. Bc7 Rc3 82. Bb6 Rc6+ 83. Ke5 Bf5 84. Rg2+ Kf3
85. Rf2+ Kg3 86. Ra2 Re6+ 87. Kd5 g5 88. Bc7+ Kf3 89. Be5 Re8 90. Ra3+ Kg4 91.
Rg3+ Kh5 92. Bf6 g4 93. Be5 Rd8+ 94. Bd6 Be4+ 95. Ke5 Re8+ 96. Kf4 Bf3 97. Rg1
Kh4 98. Kf5 Be2 99. Rh1# 1-0

[Event "2016 British Chess Championships"]
[Site "Bournemouth Pavilions, Bournem"]
[Date "2016.07.26"]
[Round "2.17"]
[White "Lentzos, Ioannis"]
[Black "Claridge-Hansen, William"]
[Result "1-0"]
[WhiteElo "2016"]
[BlackElo "2299"]
[PlyCount "85"]
[EventDate "2016.07.25"]

1. e4 d5 2. exd5 Qxd5 3. Nf3 Bg4 4. d4 Bxf3 5. Qxf3 Qxf3 6. gxf3 Nc6 7. c3
O-O-O 8. Bf4 e6 9. Nd2 Nge7 10. O-O-O h5 11. Rg1 Nd5 12. Be3 g6 13. Ne4 Bg7 14.
Ng5 Bh6 15. Re1 Rdf8 16. Bh3 Kb8 17. Kb1 Nde7 18. Bg2 Nf5 19. f4 Nce7 20. Rd1
Nd5 21. Rge1 c6 22. Kc2 Nc7 23. Bc1 Bg7 24. b3 h4 25. h3 Bf6 26. Be4 Nd6 27.
Ba3 Be7 28. Bf3 Nce8 29. c4 Ng7 30. d5 cxd5 31. cxd5 Rc8+ 32. Kb1 Ngf5 33. dxe6
f6 34. Nf7 Nb5 35. Bxe7 Nc3+ 36. Ka1 Nxd1 37. Rxd1 Rhe8 38. Bxf6 Rxe6 39. Be5+
Ka8 40. Rd7 Rb6 41. Nd8 Rc1+ 42. Kb2 Rf1 43. Bxb7+ 1-0

[Event "2016 British Chess Championships"]
[Site "Bournemouth Pavilions, Bournem"]
[Date "2016.07.26"]
[Round "2.18"]
[White "Arkell, Keith C"]
[Black "Hand, Freddie"]
[Result "1-0"]
[WhiteElo "2455"]
[BlackElo "2062"]
[PlyCount "67"]
[EventDate "2016.07.25"]

1. d4 d5 2. Nf3 Nf6 3. c4 c6 4. Qc2 dxc4 5. Qxc4 Bg4 6. Nbd2 Nbd7 7. g3 e6 8.
Bg2 Be7 9. O-O O-O 10. Ne5 Bh5 11. Ndf3 Rc8 12. Bg5 c5 13. Rac1 h6 14. Nxd7
Nxd7 15. Bxe7 Qxe7 16. Rfd1 Nb6 17. Qb5 Rfd8 18. Qa5 Bxf3 19. Bxf3 cxd4 20.
Qxa7 Qb4 21. Rxc8 Rxc8 22. Bxb7 Rc5 23. b3 Ra5 24. Qb8+ Kh7 25. Be4+ f5 26. Bb1
Rb5 27. Qf4 Rd5 28. Rc1 Rd7 29. Qe5 Re7 30. Rd1 Nd5 31. Bxf5+ exf5 32. Qxf5+
Kh8 33. Qxd5 Rxe2 34. Qxd4 1-0

[Event "2016 British Chess Championships"]
[Site "Bournemouth Pavilions, Bournem"]
[Date "2016.07.26"]
[Round "2.19"]
[White "Palliser, Richard Jd"]
[Black "Payne, Matthew J"]
[Result "1/2-1/2"]
[WhiteElo "2422"]
[BlackElo "2040"]
[PlyCount "67"]
[EventDate "2016.07.25"]

1. d4 Nf6 2. Bg5 Ne4 3. Bf4 d5 4. e3 e6 5. Bd3 Nf6 6. Nd2 c5 7. c3 Nc6 8. Ngf3
cxd4 9. exd4 Bd6 10. Bxd6 Qxd6 11. O-O O-O 12. Re1 Nd7 13. Qe2 h6 14. a3 a5 15.
a4 Re8 16. Bb5 Nf8 17. Rad1 Bd7 18. Nb3 b6 19. Ne5 Na7 20. Nxd7 Nxd7 21. Bd3
Qc6 22. Ra1 Qd6 23. Bc2 Nc6 24. Qd3 g6 25. Qd2 Kg7 26. Rad1 Rad8 27. h3 e5 28.
dxe5 Ndxe5 29. Qc1 Qf6 30. Nd4 Nxd4 31. Rxd4 Nc6 32. Rxe8 Nxd4 33. Re3 Nxc2 34.
Qxc2 1/2-1/2

[Event "2016 British Chess Championships"]
[Site "Bournemouth Pavilions, Bournem"]
[Date "2016.07.26"]
[Round "2.20"]
[White "Kolbus, Dietmar"]
[Black "Menadue, Jeremy Fs"]
[Result "1-0"]
[WhiteElo "2315"]
[BlackElo "2034"]
[PlyCount "69"]
[EventDate "2016.07.25"]

1. c4 c6 2. Nf3 Nf6 3. g3 d5 4. Qc2 g6 5. Bg2 Bg7 6. O-O O-O 7. d3 Re8 8. e4
dxe4 9. dxe4 e5 10. Nc3 Bg4 11. h3 Bxf3 12. Bxf3 Nbd7 13. Be3 Nf8 14. Rfd1 Qc8
15. Bg2 Ne6 16. c5 Nh5 17. Rd2 Nhf4 18. Qd1 Nxg2 19. Kxg2 f5 20. exf5 gxf5 21.
Qb3 Kh8 22. Ne2 f4 23. gxf4 exf4 24. Nxf4 Be5 25. Nxe6 Rxe6 26. Rd8+ Qxd8 27.
Qxe6 Qg8+ 28. Qxg8+ Rxg8+ 29. Kf3 Rg7 30. Rb1 Rd7 31. Ke4 Rd5 32. Rg1 Bg7 33.
b3 Kg8 34. Bh6 Re5+ 35. Kf4 1-0

[Event "2016 British Chess Championships"]
[Site "Bournemouth Pavilions, Bournem"]
[Date "2016.07.26"]
[Round "2.21"]
[White "Duncan, Chris R"]
[Black "Ralphs, Nigel"]
[Result "1/2-1/2"]
[WhiteElo "2292"]
[BlackElo "2000"]
[PlyCount "91"]
[EventDate "2016.07.25"]

1. c4 c6 2. Nf3 d5 3. e3 Nf6 4. Nc3 e6 5. b3 Nbd7 6. Qc2 Bd6 7. Bb2 O-O 8. Be2
Qe7 9. O-O a6 10. d4 b6 11. e4 dxe4 12. Nxe4 Nxe4 13. Qxe4 Bb7 14. Bd3 f5 15.
Qe3 Rfe8 16. Rfe1 c5 17. Rad1 Rad8 18. Bb1 Qf7 19. dxc5 Bxc5 20. Qc3 Nf6 21.
Rxd8 Rxd8 22. b4 Bxf2+ 23. Kxf2 Ne4+ 24. Bxe4 fxe4 25. c5 exf3 26. gxf3 Rd2+
27. Re2 Rxe2+ 28. Kxe2 bxc5 29. bxc5 Qc7 30. Ke3 Bd5 31. a3 Qf7 32. Kf2 e5 33.
Qxe5 Qxf3+ 34. Ke1 Qe4+ 35. Kd2 Qxe5 36. Bxe5 Kf7 37. Kc3 g6 38. Kb4 Ke6 39.
Bg3 Kd7 40. Ka5 Bc4 41. Kb6 Kc8 42. c6 h5 43. Bf4 Bd3 44. a4 Be2 45. Kc5 Bd3
46. Kd6 1/2-1/2

[Event "2016 British Chess Championships"]
[Site "Bournemouth Pavilions, Bournem"]
[Date "2016.07.26"]
[Round "2.22"]
[White "Osborne, Marcus E"]
[Black "Golding, James"]
[Result "1-0"]
[WhiteElo "2244"]
[BlackElo "1991"]
[PlyCount "95"]
[EventDate "2016.07.25"]

1. e4 e5 2. Nf3 Nc6 3. d4 exd4 4. Nxd4 Bc5 5. Nxc6 Qf6 6. Qf3 Qxf3 7. gxf3 bxc6
8. Nd2 Ne7 9. Nb3 Bb6 10. a4 a5 11. Be3 O-O 12. O-O-O Bxe3+ 13. fxe3 d6 14. Rg1
Kh8 15. h4 f5 16. e5 dxe5 17. Bc4 g6 18. Nc5 Kg7 19. Nd7 Bxd7 20. Rxd7 Kf6 21.
Rxc7 Rfd8 22. c3 Rd6 23. Rd1 Rxd1+ 24. Kxd1 Rd8+ 25. Kc2 h6 26. f4 exf4 27.
exf4 Rd6 28. Ra7 Nd5 29. Bxd5 Rxd5 30. Ra6 Rc5 31. Kd3 Ke6 32. Ra7 Rd5+ 33. Ke2
Rc5 34. Kd3 Rd5+ 35. Ke3 Kf6 36. c4 Rd6 37. Rxa5 g5 38. hxg5+ hxg5 39. Rc5 g4
40. a5 g3 41. Kf3 Rd3+ 42. Kg2 Rd2+ 43. Kxg3 Rxb2 44. Rxc6+ Ke7 45. a6 Ra2 46.
Rh6 Ke8 47. a7 Kd7 48. Rh8 1-0

[Event "2016 British Chess Championships"]
[Site "Bournemouth Pavilions, Bournem"]
[Date "2016.07.26"]
[Round "2.23"]
[White "Brooks, Phil J"]
[Black "Clark, Ian C"]
[Result "1-0"]
[WhiteElo "2190"]
[BlackElo "1963"]
[PlyCount "83"]
[EventDate "2016.07.25"]

1. d4 Nf6 2. c4 c5 3. d5 b5 4. cxb5 a6 5. bxa6 Bxa6 6. Nc3 g6 7. Nf3 d6 8. g3
Bg7 9. Bg2 Nbd7 10. Rb1 O-O 11. O-O Qc7 12. b3 Rfb8 13. a4 Ra7 14. Qc2 Rab7 15.
Ba3 Nb6 16. Nd2 Ng4 17. h3 Nh6 18. Rfe1 Nf5 19. e3 c4 20. b4 Bxc3 21. Qxc3 Nxa4
22. Qc2 Bb5 23. Rec1 Nb6 24. Bb2 Rc8 25. e4 Ng7 26. Bf1 Ra7 27. Bd4 Rca8 28.
Nxc4 Bxc4 29. Bxc4 Ra3 30. Bb5 Qb8 31. Qc6 Nc8 32. Qd7 e5 33. dxe6 Nxe6 34.
Qe8+ Nf8 35. Qd8 d5 36. Qf6 Rxg3+ 37. fxg3 Qxg3+ 38. Kf1 Qxh3+ 39. Ke1 Qh1+ 40.
Kd2 Qh2+ 41. Be2 Qh6+ 42. Kc2 1-0

[Event "2016 British Chess Championships"]
[Site "Bournemouth Pavilions, Bournem"]
[Date "2016.07.26"]
[Round "2.24"]
[White "Britton, Richard L"]
[Black "Modi, Shyam Jagdish"]
[Result "1-0"]
[WhiteElo "2188"]
[BlackElo "1655"]
[PlyCount "111"]
[EventDate "2016.07.25"]

1. e4 e6 2. d4 d5 3. Nc3 Bb4 4. e5 c5 5. a3 Bxc3+ 6. bxc3 Qa5 7. Bd2 Qa4 8. Nf3
c4 9. h4 Nc6 10. h5 h6 11. Nh4 Bd7 12. g3 O-O-O 13. Bh3 Nge7 14. O-O g5 15. Ng2
Rdf8 16. f4 gxf4 17. Rxf4 Nf5 18. Kh2 Rh7 19. g4 Nfe7 20. Nh4 Qa5 21. Qf3 Be8
22. Qf2 Qc7 23. Rf6 Rfh8 24. Qg3 Ng8 25. Rf2 Rg7 26. a4 Nd8 27. a5 Qe7 28. a6
b6 29. Ng2 f6 30. Qe3 fxe5 31. dxe5 Nc6 32. Nf4 Bf7 33. Ne2 Qc7 34. Nd4 Nxe5
35. Qf4 Rxg4 36. Bxg4 Nxg4+ 37. Kg2 Nxf2 38. Qxc7+ Kxc7 39. Kxf2 Nf6 40. Nb5+
Kb8 41. Bf4+ Kc8 42. Nd6+ Kd7 43. Nxf7 Rf8 44. Ne5+ Kc8 45. Ke3 Nxh5 46. Bh2
Ng7 47. Nc6 Rf7 48. Rg1 Nf5+ 49. Ke2 Rf8 50. Nxa7+ Kd7 51. Nb5 Ra8 52. a7 Kc6
53. Rb1 Ng7 54. Bb8 Ne8 55. Nd4+ Kd7 56. Rxb6 1-0